| 000 | 00728nam a2200229Ia 4500 | ||
|---|---|---|---|
| 003 | GCL | ||
| 008 | 140319s9999 xx 000 0 ara d | ||
| 040 |
_aGCL / _cGCL |
||
| 082 | 0 | 4 |
_a891.7 _bو ر |
| 100 | 1 | _aمالك فاضل البديرى | |
| 245 | 1 | 0 |
_aراسبوتين وسقوط القياصرة / _cمالك فاضل البديرى |
| 700 | 1 | _aولسون ، كولن | |
| 260 |
_a[S.N] : _bالاهلية للنشر والتوزيع ، _c1994 |
||
| 300 | _a267 ص | ||
| 490 | _a | ||
| 650 | 0 | 4 | _aالقصص التاريخية |
| 650 | 0 | 4 | _aالادب الروسى |
| 650 | 0 | 4 | _aالقصة الروسية المترجمة |
| 650 | 0 | 4 | _aروسيا - تاريخ |
| 650 | 0 | 4 | _aالقياصرة |
| 942 |
_2ddc _cBK |
||
| 999 |
_c56133 _d56133 |
||